000
00249 a2200097 4500
001
41797
100
_a
Compton's
245
_a
Compton's Pictured Encyclopedia & Fact Index (Vol-IV)
260
_a
Chicago
_b
F E Compton & Co.
_c
090
_c
25908
_d
25908
942
_a
NUST-CAE
_c
M
_c
17678
999
_c
276870
_d
276870